| 000 | 00499cam a22001457a 4500 | ||
|---|---|---|---|
| 008 | 180718b1980 xxu||||| |||| 00| 0 eng d | ||
| 082 | _aO91x71 D969 | ||
| 245 |
_aResources and the environment: policy perspectives for Canada _cedited by O.P. Dwivedi |
||
| 260 |
_aToronto _bMcClelland and Stewart _c1980 |
||
| 300 | _a346p. | ||
| 650 | _aEnvironmental protection --Canada --Case studies | ||
| 650 | _aNatural resources --Canada | ||
| 650 | _aEnvironmental policy --Canada | ||
| 700 | _aDwivedi, O.P. | ||
| 999 |
_c501689 _d501689 |
||